000
00262nam a22001337a 4500
008
0521366577
041
_a
eng
080
_a
521
082
_a
521NOV
100
_a
19
101
_a
ASTRO
245
_a
BLACK HOLES AND THE UNIVERSE
_c
NOVIKOV.I
942
_2
udc
_c
BK
999
_c
60470
_d
60470